1427 1116 1828 1764 1448 1361 1621 1070 1942 1129 1353 1384 1555 1101 1634 1414 1055 1618 1287 1551 1661 1202 1266 1104 1205 1160 1681 1150 1395 1149 1074 1089 1094 1013 1089 1116 1477 1032 1590 1950 1370 1354 1655 1288 1756 1079 1000 1960 1877 1475 1537 1717 1909 1757 1885 1294 1817 1307 1151 1523 1031 1737 1771 1126 1669 1614 1192 1219 1078 1599 1682 1218 1540 1971 1120 1598 1095 1183 1031 1513 1912 1906 1457 1204 1101 1498 1696 1282 1241 1927 1746 1513 1860 1707 1006 1592 1347 1021 1623 BCNSPRNW ULIB Ver.6.0+V

เปลี่ยนเป็นภาษาไทย

Change to English
 แสดงรายละเอียดบรรณานุกรม
  กลับหน้าหลัก

Brief Record : Get Marc (ISO 2709) : E-mail record : QR code < ปิดหน้าต่าง
LEADER : 00000nam 2200000uu 4500
001    13399111435
003     ULIB
008    110627s||||||||th 000 0 tha d
020    9786165020688
090    นว.^bบ942ส 2554
100 0  ใบบัว
245 00 สวรรค์เถื่อน/^cใบบัว
250    พิมพ์ครั้งที่ 2
260    กรุงเทพฯ :^bSugar Beat,^c2554
300    439 หน้า
945    ^p270^l0^i030183
995    ทศพร
999 ^a ใช้งานได้ทุกระบบ
รายการนี้ยังไม่มีแท็ก
คุณยังไม่ได้ล็อกอิน คุณสามารถมีกิจกรรมร่วมกับเว็บไซต์ได้ แต่ต้องล็อกอินก่อน ::
  ล็อกอิน

รายการสื่อสารสนเทศ

ลำดับที่ ประเภท เลขเรียก/บาร์โค้ด สถานที่ สถานะ
- ไม่พบข้อมูล -

BibComment


ยังไม่เคยถูกคอมเมนท์

คอมเมนท์ทรัพยากรรายการนี้
  คอมเมนท์: สวรรค์เถื่อน ใบบัว


 Copyright 2026. Bcnsprnw @Library